000 00418nam a2200181Ia 4500
001 4959
005 20260306145833.0
008 260306t2001||||xx |||||||||||||| ||spa||
041 _aESP
082 _a332.1
_bA98
100 _aAzpur Ortega, José Manuel
_eAUT
245 0 _aBanca y algo más
260 _c2001
300 _a143 páginas :
_c20 cm.
650 _aGEN
654 _aCAN
942 _cLIB
_dJUS
_fJUS
_2ddc
_n
999 _c4959
_d4959